000 004670000a22001930004500
020 _a0-89922-113-0
041 0 _aSPA
082 0 4 _aG 253.5 L563p
100 1 _aLeón, Jorge A.
245 1 0 _aPsicología pastoral de la iglesia / Jorge A. León
250 _a2
260 _a[S.L] : Caribe
300 _a192 Pag
001 6491
942 _cBK
999 _c36761
_d36761
336 _atexto
_btxt
_2rdacontent
337 _2rdamedia
_asin mediación
_bn
338 _2rdacarrier
_avolumen
_bnc